RICS housing market survey United Kingdom (Record no. 111022)

MARC details
000 -LEADER
fixed length control field 01169cad a22002535a 4500
001 - CONTROL NUMBER
control field E150918
008 - FIXED-LENGTH DATA ELEMENTS--GENERAL INFORMATION
fixed length control field 100915s2010 xxkd f s 000 0 eng d
022 1# - INTERNATIONAL STANDARD SERIAL NUMBER
International Standard Serial Number 1465-1076
035 ## - SYSTEM CONTROL NUMBER
System control number (Sirsi) u150918
041 0# - LANGUAGE CODE
Language code of text/sound track or separate title eng
050 04 - LIBRARY OF CONGRESS CALL NUMBER
Classification number 333.33 $2 18
110 2# - MAIN ENTRY--CORPORATE NAME
Corporate name or jurisdiction name as entry element Royal Institution of Chartered Surveyors
9 (RLIN) 4900
245 00 - TITLE STATEMENT
Title RICS housing market survey United Kingdom
Remainder of title August 2010
Medium [electronic resource]
260 ## - PUBLICATION, DISTRIBUTION, ETC.
Place of publication, distribution, etc. London
Name of publisher, distributor, etc. RICS
Date of publication, distribution, etc. 2010
490 ## - SERIES STATEMENT
Series statement RICS Housing Market Survey United Kingdom
Volume/sequential designation August 2010
520 ## - SUMMARY, ETC.
Summary, etc. A further increase in supply pushes the net price balance deeper into negative territory, however transaction activity remains steady albeit at relatively low levels. Reposrt that despite a further drop in buyer enquiries, sales expectations rebound.
521 ## - TARGET AUDIENCE NOTE
Target audience note Advanced
590 ## - LOCAL NOTE (RLIN)
Local note KA
650 24 - SUBJECT ADDED ENTRY--TOPICAL TERM
Topical term or geographic name entry element RICS HOUSING MARKET SURVEY UNITED KINGDOM
651 #4 - SUBJECT ADDED ENTRY--GEOGRAPHIC NAME
Geographic name United Kingdom
Chronological subdivision
690 ## - LOCAL SUBJECT ADDED ENTRY--TOPICAL TERM (OCLC, RLIN)
Topical term or geographic name as entry element PROPERTY-RESIDENTIAL PROPERTY-RESIDENTIAL PROPERTY MARKET
856 40 - ELECTRONIC LOCATION AND ACCESS
Uniform Resource Identifier <a href="https://one/NR/rdonlyres/C5579703-4970-4748-852A-5D843BCA41FC/0/RICSHousingMarketSurveyAugust2010.pdf">https://one/NR/rdonlyres/C5579703-4970-4748-852A-5D843BCA41FC/0/RICSHousingMarketSurveyAugust2010.pdf</a>
Public note View the item free of charge (PDF file) at www.rics.org
942 ## - ADDED ENTRY ELEMENTS (KOHA)
Suppress in OPAC 0
Holdings
Withdrawn status Lost status Source of classification or shelving scheme Damaged status Not for loan Home library Current library Shelving location Date acquired Total Checkouts Full call number Barcode Date last seen Copy number Price effective from Koha item type
    Dewey Decimal Classification     Virtual Virtual Online 15/09/2010   ONLINE PUBLICATION 150918-2001 06/08/2019 1 06/08/2019 Book